The voyages of Captain Cook

Bibliographic Details
Main Author: Humble, Richard
Format: Book
Published: London : Franklin Watts , 1990
Series:Exploration through the ages
Subjects:

MARC

LEADER 00000cam a2200000 7i4500
001 0000005545
002 000005996
005 20060120.0
020 |a 0749601914 
090 0 0 |a 910.4   |b HUM 
100 1 |a Humble, Richard 
245 1 4 |a The voyages of Captain Cook   |c Richard Humble 
260 |a London :   |b Franklin Watts ,   |c 1990 
300 |a 32p ;   |c 29cm. 
490 0 |a Exploration through the ages 
650 0 0 |a Cook   |y Captain   |x Voyages   |x Juvenile literature 
999 |a 026795   |b BUKU   |c JUNIOR BOOKS   |e PERPUSTAKAAN KOMUNITI CAW KOTA DAMANSARA